000 00665nam a2200241Ia 4500
003 OSt
005 20220926034838.0
006 a|||||r|||| 00| 0
007 ta
008 220923b |||||||| |||| 00| 0 eng d
037 _cGeneral Book
040 _aRTL
_cRTL
_beng
041 _2eng
_aeng
082 _aH335401, M1
100 _aBarber K E
_9341287
245 0 _aPeat stratigraphy and climatic change
_b A palaeoc
260 _aWetherlands
_bA A Balkewa
_c1981
300 _axii,220p.
_ccm.
500 _aBib p. 209-20
650 _aGeology
_915465
942 _hH335401, M1
_cGB
_2CC
999 _c660537
_d660537